000 00349 a2200157 4500
001 71722
020 _a8501047198
040 _cAnchieta - Colégio São Paulo
100 _aGoscinny, R.
240 1 0 _aAsterix e os índios
_lpor
245 1 0 _aAsterix e os índios
300 _a48
362 0 _a1998
650 4 _aLiteratura juvenil
942 _cBK
999 _c71722
_d71722